00454 2200169 4500001002100000005001500021008004100036035001900077041000700096082000800103090001400111100001700125245005900142260004700201300002000248650001600268INLIS00000000000163720241224112403241224||||||||| | ||| |||| || |  0010-1224001637 aid0 a395 a395 VIJ b0 aVijaya Kumar00aBuku Kecil Tentang Etika (A Little Book of Etiquentte) aTangerang.bKarisma Publishing Groupc2009 a154 hlm.;18 cm. 0aIlmu Sosial